Concentration in the housebuilding industries of Australia, the UK and the USA (Record no. 80899)

MARC details
000 -LEADER
fixed length control field 01119cab a22002055a 4500
001 - CONTROL NUMBER
control field L145608
008 - FIXED-LENGTH DATA ELEMENTS--GENERAL INFORMATION
fixed length control field 081024s2008 xxkd f s 000 0 eng d
035 ## - SYSTEM CONTROL NUMBER
System control number (Sirsi) u145608
041 0# - LANGUAGE CODE
Language code of text/sound track or separate title eng
100 1# - MAIN ENTRY--PERSONAL NAME
Personal name Ball, Michael
245 04 - TITLE STATEMENT
Title Concentration in the housebuilding industries of Australia, the UK and the USA
260 ## - PUBLICATION, DISTRIBUTION, ETC.
Date of publication, distribution, etc. 2008
490 ## - SERIES STATEMENT
Series statement Project Control Professional
Volume/sequential designation 46 (5) September 2008, 14-17 (4)
520 ## - SUMMARY, ETC.
Summary, etc. Compares sizes of house building firms and the competition in Australia, Britain and the USA. Presents the common characteristics of Australian, British and American housing markets. Analyses in particular the market shares of large building companies. Compares firm sizes and growth rates, scale economies and the impact of geographic differences in market concentration between the three countries. Concludes that the British market has the highest level of concentration and explains the reasons for this.
651 #4 - SUBJECT ADDED ENTRY--GEOGRAPHIC NAME
Geographic name United Kingdom
Chronological subdivision
651 #4 - SUBJECT ADDED ENTRY--GEOGRAPHIC NAME
Geographic name Australia
651 #4 - SUBJECT ADDED ENTRY--GEOGRAPHIC NAME
Geographic name United States
Chronological subdivision 1959-
690 ## - LOCAL SUBJECT ADDED ENTRY--TOPICAL TERM (OCLC, RLIN)
Topical term or geographic name as entry element PROPERTY-RESIDENTIAL PROPERTY-RESIDENTIAL PROPERTY MARKET
942 ## - ADDED ENTRY ELEMENTS (KOHA)
Suppress in OPAC 0
Holdings
Withdrawn status Lost status Source of classification or shelving scheme Damaged status Not for loan Home library Current library Shelving location Date acquired Total Checkouts Full call number Barcode Date last seen Copy number Price effective from Koha item type
    Dewey Decimal Classification     London London Journal article 25/10/2008   L145608 145608-1001 06/08/2019 1 06/08/2019 Journal article